Linárny elektrostatický urýchľovač pre materiálový výskum : Kand.diz. práca : V.odb. 11-22-9 : Obh. 19.05.1994 /
Salvato in:
| Autore principale: | |
|---|---|
| Altri autori: | |
| Natura: | Manoscritto Libro |
| Pubblicazione: |
Bratislava :
STU v Bratislave EF,
1993
|
| Soggetti: | |
| Tags: |
Nessun Tag, puoi essere il primo ad aggiungerne!!
|
MARC
| LEADER | 00000ntm a22000003a 4500 | ||
|---|---|---|---|
| 001 | stu6307 | ||
| 005 | 20150617225808.1 | ||
| 008 | ------s1993----------------------------d | ||
| 040 | |a STU |b slo | ||
| 041 | 0 | ||
| 100 | 1 | |a Pavlovič, Márius, |d 1963- |4 aut |u E060 |U FEI Fakulta elektrotechniky a informatiky |T FEI Ústav jadrového a fyzikálneho inžinierstva |X 1842 |U E060 |Y 817 |7 A000001842 | |
| 245 | 1 | |a Linárny elektrostatický urýchľovač pre materiálový výskum : |b Kand.diz. práca : V.odb. 11-22-9 : Obh. 19.05.1994 / |c [aut.] Pavlovič,Márius, Ing.; Škol. Hozza,Viktor | |
| 260 | |a Bratislava : |b STU v Bratislave EF, |c 1993 | ||
| 300 | |a 132 s : |b príl + |c Autoref.1993, 19 s | ||
| 650 | 7 | |a materiálové inžinierstvo |2 stusub | |
| 650 | 7 | |a protónogramy |2 stusub | |
| 650 | 7 | |a iónová optika |2 stusub | |
| 700 | 1 | |a Hozza, Viktor |4 ths | |
| 996 | |b 284ED00082 |c E*KDIZ-701 |l EE01 |s A |a 24 |w stu6307_0001 | ||